The Bethany parallel commentary on the New Testament : (Record no. 6638)
[ view plain ]
| 000 -LEADER | |
|---|---|
| fixed length control field | 00918cam a2200241 a 4500 |
| 001 - CONTROL NUMBER | |
| control field | 12970680 |
| 003 - CONTROL NUMBER IDENTIFIER | |
| control field | OCoLC |
| 005 - DATE AND TIME OF LATEST TRANSACTION | |
| control field | 20190117173149.0 |
| 008 - FIXED-LENGTH DATA ELEMENTS--GENERAL INFORMATION | |
| fixed length control field | 851010s1983 mnu 000 0 eng |
| 010 ## - LIBRARY OF CONGRESS CONTROL NUMBER | |
| LC control number | 85215044 //r89 |
| 020 ## - INTERNATIONAL STANDARD BOOK NUMBER | |
| International Standard Book Number | 0871234742 |
| 040 ## - CATALOGING SOURCE | |
| Original cataloging agency | DLC |
| Transcribing agency | DLC |
| 082 ## - DEWEY DECIMAL CLASSIFICATION NUMBER | |
| Classification number | REF 225.7 |
| Item number | H521B |
| 092 ## - LOCALLY ASSIGNED DEWEY CALL NUMBER (OCLC) | |
| Classification number | 225.7 |
| Item number | B562 |
| 245 04 - TITLE STATEMENT | |
| Title | The Bethany parallel commentary on the New Testament : |
| Remainder of title | from the condensed editions of Matthew Henry, Jamieson, Fausset, Brown, Adam Clarke : three classic commentaries in one volume |
| 260 ## - PUBLICATION, DISTRIBUTION, ETC. | |
| Place of publication, distribution, etc. | Minneapolis, Minn. : |
| Name of publisher, distributor, etc. | Bethany House, |
| Date of publication, distribution, etc. | c1983 |
| 300 ## - PHYSICAL DESCRIPTION | |
| Extent | 1499 p. ; |
| Dimensions | 29 cm |
| 630 00 - SUBJECT ADDED ENTRY--UNIFORM TITLE | |
| Uniform title | Bible. |
| Name of part/section of a work | New Testament |
| General subdivision | Commentaries |
| 700 12 - ADDED ENTRY--PERSONAL NAME | |
| Personal name | Henry, Matthew, |
| Dates associated with a name | 1662-1714. |
| Title of a work | Commentary on the whole Bible. |
| Date of a work | 1983 |
| 700 12 - ADDED ENTRY--PERSONAL NAME | |
| Personal name | Clarke, Adam, |
| Dates associated with a name | ca. 1762-1832. |
| Title of a work | Commentary on the whole Bible. |
| Date of a work | 1983 |
| 700 12 - ADDED ENTRY--PERSONAL NAME | |
| Personal name | Jamieson, Robert, |
| Dates associated with a name | 1802-1880. |
| Title of a work | Commentary. |
| Date of a work | 1983 |
| 942 ## - ADDED ENTRY ELEMENTS (KOHA) | |
| Source of classification or shelving scheme | Dewey Decimal Classification |
| Koha item type | Reference |
| Withdrawn status | Lost status | Source of classification or shelving scheme | Damaged status | Not for loan | Collection code | Home library | Current library | Shelving location | Date acquired | Cost, normal purchase price | Total Checkouts | Full call number | Barcode | Date last seen | Price effective from | Koha item type |
|---|---|---|---|---|---|---|---|---|---|---|---|---|---|---|---|---|
| Dewey Decimal Classification | Not For Loan | Reference | Harvest Mission College | Harvest Mission College | Reference | 17.01.2019 | 12350.00 | REF 225.7 H521B | 007250 | 17.01.2019 | 17.01.2019 | Reference |
